[Event "129th YMCA Autumn 2013-C"]
[Site "Warszawa"]
[Date "2013.12.04"]
[Round "12"]
[White "Krzyzanowski, Antoni"]
[Black "Wilczynski, Adam"]
[Result "1-0"]
[WhiteElo "1758"]
[BlackElo "1696"]
[PlyCount "121"]
[EventDate "2013.09.16"]
[EventType "tourn"]
[EventRounds "1"]
[EventCountry "POL"]
[SourceDate "2013.09.16"]

1. e4 c5 2. Nf3 e6 3. d3 Nc6 4. g3 Nf6 5. Bg2 d5 6. Nbd2 Bd6 7. O-O O-O 8. Re1
Qc7 9. c3 Bd7 10. Nh4 Rad8 11. f4 dxe4 12. dxe4 e5 13. f5 b5 14. g4 h6 15. Bf3
Bc8 16. Ng2 c4 17. h4 Bc5+ 18. Kh2 Nh7 19. Qe2 Rd3 20. Nf1 f6 21. Ng3 Rfd8 22.
Ne3 Ne7 23. Qg2 Bb7 24. Kh3 Qb6 25. Ngf1 Bc6 26. Qg3 Qb7 27. Qg2 a5 28. a3 a4
29. Kh2 Kf7 30. Bd2 Qb6 31. Rad1 R8d7 32. Bc1 Rxd1 33. Rxd1 Rxd1 34. Nxd1 Qd8
35. Nde3 Qd3 36. Nd5 Nc8 37. Be3 Bxe3 38. Nfxe3 Nd6 39. Nb4 Qxe3 40. Nxc6 Nf8
41. g5 Qf4+ 42. Qg3 hxg5 43. hxg5 Qxg3+ 44. Kxg3 Nd7 45. Nd8+ Kg8 46. Ne6 fxg5
47. Kf2 g4 48. Bg2 Nf6 49. Ke3 Kf7 50. Nd8+ Ke7 51. Nc6+ Ke8 52. Nxe5 Nd7 53.
Nxg4 Nc5 54. Ne5 Nb3 55. Kf4 Nb7 56. Ng6 N7c5 57. e5 Nd3+ 58. Kg5 Na5 59. f6
gxf6+ 60. exf6 Nxb2 61. Bd5 1-0

[Event "129th YMCA Autumn 2013-C"]
[Site "Warszawa"]
[Date "2013.12.05"]
[Round "12"]
[White "Chylewski, Patryk"]
[Black "Wyszomirski, Krzysztof"]
[Result "0-1"]
[WhiteElo "1704"]
[BlackElo "1755"]
[PlyCount "120"]
[EventDate "2013.09.16"]
[EventType "tourn"]
[EventRounds "1"]
[EventCountry "POL"]
[SourceDate "2013.09.16"]

1. e4 c5 2. Nf3 e6 3. d4 cxd4 4. Nxd4 Nf6 5. Nc3 a6 6. Bd3 d6 7. Be3 b5 8. a3
Bb7 9. O-O Nbd7 10. f4 Qc7 11. Qe2 Be7 12. Bf2 O-O 13. g4 h6 14. g5 hxg5 15.
fxg5 Nh7 16. g6 Nhf6 17. gxf7+ Kxf7 18. Bh4 Qc5 19. Qf2 Ne5 20. Kh1 Rh8 21. Nb3
Qxf2 22. Bxf2 Rh3 23. Bg3 Neg4 24. Be2 Rah8 25. Bxg4 Rxg3 26. Bf3 Rgh3 27. Rf2
Ke8 28. Nd2 g5 29. Rg1 Rg8 30. Bg4 Nxg4 31. Rxg4 d5 32. exd5 exd5 33. Kg2 Rgh8
34. Kf1 Rxh2 35. Rxh2 Rxh2 36. Rg2 Rxg2 37. Kxg2 Bf6 38. Kf3 Kf7 39. Kg4 Bc8+
40. Kf3 Bxc3 41. bxc3 Bf5 42. Nb3 Bxc2 43. Nc5 a5 44. Nb7 a4 45. Nd6+ Ke6 46.
Nxb5 Bd1+ 47. Ke3 Ke5 48. Nd4 g4 49. Kd2 Bb3 50. Ke3 Bd1 51. Kd2 Bb3 52. Ke3
Kd6 53. Nf5+ Kc5 54. Kd3 Bd1 55. Ng3 Bf3 56. Kc2 Kc4 57. Nf1 Be4+ 58. Kb2 Kd3
59. Ng3 Ke3 60. c4 dxc4 0-1

[Event "129th YMCA Autumn 2013-C"]
[Site "Warszawa"]
[Date "2013.12.04"]
[Round "12"]
[White "Jarmolowski, Tadeusz"]
[Black "Kaminski, Jan"]
[Result "1/2-1/2"]
[WhiteElo "1695"]
[BlackElo "1753"]
[PlyCount "79"]
[EventDate "2013.09.16"]
[EventType "tourn"]
[EventRounds "1"]
[EventCountry "POL"]
[SourceDate "2013.09.16"]

1. e4 c5 2. c3 Nf6 3. e5 Nd5 4. d4 cxd4 5. Qxd4 e6 6. Nf3 Nc6 7. Qe4 f5 8. Qe2
Qc7 9. g3 Be7 10. Bg2 O-O 11. O-O a5 12. Re1 Qb8 13. c4 Nc7 14. Nc3 Bb4 15. Bd2
Bxc3 16. Bxc3 b5 17. b3 Ba6 18. Nd4 bxc4 19. bxc4 Nd5 20. Bb2 Qb4 21. Nxc6 dxc6
22. Rec1 Nb6 23. Bxc6 Bxc4 24. Qc2 Rac8 25. a3 Qc5 26. Bg2 f4 27. Bh3 Qe7 28.
Qd2 fxg3 29. hxg3 Qf7 30. Rc2 Bd5 31. Bg2 Nc4 32. Qe2 Bxg2 33. Kxg2 Nxb2 34.
Rxb2 Rc5 35. Rab1 Qf5 36. Re1 Rfc8 37. Qe4 Qxe4+ 38. Rxe4 Rc4 39. Rxc4 Rxc4 40.
Rb3 1/2-1/2

[Event "129th YMCA Autumn 2013-C"]
[Site "Warszawa"]
[Date "2013.12.03"]
[Round "12"]
[White "Kacprzak, Karol"]
[Black "Szukalski, Antoni"]
[Result "1-0"]
[WhiteElo "1785"]
[BlackElo "1796"]
[PlyCount "73"]
[EventDate "2013.09.16"]
[EventType "tourn"]
[EventRounds "1"]
[EventCountry "POL"]
[SourceDate "2013.09.16"]

1. c4 c6 2. Nc3 d5 3. cxd5 cxd5 4. d4 Nf6 5. Nf3 Bf5 6. Qb3 b6 7. Ne5 e6 8.
Qa4+ Nbd7 9. e4 dxe4 10. Bb5 h6 11. Bf4 Qc8 12. Ba6 Qd8 13. Nc6 b5 14. Qxb5 Qb6
15. Bb7 a6 16. Qxb6 Nxb6 17. Bxa8 Nxa8 18. O-O Nh5 19. Bb8 f6 20. Rac1 g5 21.
h3 Bg6 22. Na4 Rh7 23. Nc5 Bxc5 24. Rxc5 Rb7 25. b3 Nb6 26. Bh2 Nf4 27. Bxf4
gxf4 28. Na5 Rb8 29. Rc6 Kd7 30. Rfc1 Rc8 31. Rxc8 Nxc8 32. Nb7 Nb6 33. Nc5+
Kd6 34. Nxa6 e3 35. fxe3 fxe3 36. Nb4 Be8 37. Re1 1-0

[Event "129th YMCA Autumn 2013-C"]
[Site "Warszawa"]
[Date "2013.10.29"]
[Round "12"]
[White "Pajak, Jakub"]
[Black "Rodak, Przemyslaw"]
[Result "1-0"]
[WhiteElo "1722"]
[BlackElo "1661"]
[Annotator "Admin"]
[PlyCount "89"]
[EventDate "2013.09.16"]
[EventType "tourn"]
[EventRounds "1"]
[EventCountry "POL"]
[SourceDate "2013.09.16"]

1. e4 e6 2. d4 d5 3. Nc3 Nf6 4. Bg5 dxe4 5. Nxe4 Be7 6. Nxf6+ Bxf6 7. Bxf6 Qxf6
8. c3 O-O 9. Qf3 Qxf3 10. Nxf3 b6 11. Nd2 Bb7 12. f3 Nd7 13. Bd3 c5 $11 14. Bb5
Rfd8 15. Bxd7 Rxd7 16. dxc5 bxc5 17. O-O-O Rad8 18. Nb3 Rxd1+ 19. Rxd1 Rxd1+
20. Kxd1 c4 21. Nc5 Bc6 22. Kd2 Kf8 23. Ke3 e5 24. g3 Ke7 25. f4 exf4+ 26. Kxf4
Kd6 27. Ne4+ Bxe4 28. Kxe4 Kc5 29. Ke5 a6 30. g4 a5 31. g5 a4 32. h4 Kc6 33.
Kd4 Kb5 34. Kd5 h5 35. gxh6 gxh6 36. h5 f5 37. Ke5 a3 38. bxa3 Ka4 39. Kxf5
Kxa3 40. Ke5 Kxa2 41. Kd5 Kb3 42. Kd4 Ka4 43. Kxc4 Ka5 44. Kd5 Kb6 45. Ke6 1-0

[Event "129th YMCA Autumn 2013-C"]
[Site "Warszawa"]
[Date "2013.12.04"]
[Round "12"]
[White "Bitowt, Jacek"]
[Black "Dominiczak, Adrian"]
[Result "1/2-1/2"]
[WhiteElo "1750"]
[BlackElo "1762"]
[PlyCount "82"]
[EventDate "2013.09.16"]
[EventType "tourn"]
[EventRounds "1"]
[EventCountry "POL"]
[SourceDate "2013.09.16"]

1. e4 d6 2. d4 Nf6 3. Nc3 g6 4. Bc4 Bg7 5. Bg5 O-O 6. Nf3 c6 7. Bb3 Qc7 8. O-O
b5 9. a3 Nbd7 10. Re1 e5 11. d5 Bb7 12. dxc6 Bxc6 13. Qe2 a6 14. Rad1 Nc5 15.
Nd5 Bxd5 16. Bxd5 Rac8 17. Bxf6 Bxf6 18. c3 Be7 19. h4 Kg7 20. g3 f5 21. exf5
Rxf5 22. Nh2 Rcf8 23. f3 Qb6 24. Kh1 h5 25. b4 Nd7 26. Be6 Nf6 27. Bxf5 gxf5
28. g4 hxg4 29. fxg4 Ne4 30. Rg1 Nf2+ 31. Kg2 Bxh4 32. Nf3 Qc6 33. Rxd6 Qxd6
34. Nxh4 Nxg4 35. Nxf5+ Rxf5 36. Qxg4+ Qg6 37. Qxg6+ Kxg6 38. Rd1 Rf6 39. a4
bxa4 40. Ra1 Rc6 41. Rxa4 Rxc3 1/2-1/2

[Event "129th YMCA Autumn 2013-C"]
[Site "Warszawa"]
[Date "2013.12.10"]
[Round "12"]
[White "Maj, Pawel"]
[Black "Major, Boguslaw"]
[Result "1-0"]
[WhiteElo "1732"]
[BlackElo "1781"]
[PlyCount "79"]
[EventDate "2013.09.16"]
[EventType "tourn"]
[EventRounds "1"]
[EventCountry "POL"]
[SourceDate "2013.09.16"]

1. e4 c5 2. Nf3 g6 3. d4 cxd4 4. Nxd4 Bg7 5. Nc3 Nc6 6. Be3 Nf6 7. Nxc6 bxc6 8.
e5 Ng8 9. f4 Nh6 10. Bc4 O-O 11. Qe2 d5 12. Bb3 d4 13. O-O-O Bg4 14. Rxd4 Bxe2
15. Rxd8 Rfxd8 16. Nxe2 Nf5 17. Bc5 e6 18. g4 Nh6 19. h3 Bf8 20. Be3 Kg7 21.
Ng3 Bb4 22. f5 exf5 23. gxf5 Ng8 24. f6+ Kf8 25. a3 Ba5 26. Bc5+ Ke8 27. Ne4
Nh6 28. Nd6+ Rxd6 29. Bxd6 Nf5 30. Ba4 Rc8 31. c4 Nxd6 32. exd6 Kd7 33. c5 Re8
34. b4 Bd8 35. b5 Re5 36. bxc6+ Kc8 37. Kb1 Rxc5 38. Re1 Rd5 39. c7 Rxd6 40.
cxd8=Q+ 1-0

[Event "129th YMCA Autumn 2013-C"]
[Site "Warszawa"]
[Date "2013.11.22"]
[Round "13"]
[White "Major, Boguslaw"]
[Black "Krzyzanowski, Antoni"]
[Result "0-1"]
[WhiteElo "1781"]
[BlackElo "1758"]
[PlyCount "52"]
[EventDate "2013.09.16"]
[EventType "tourn"]
[EventRounds "1"]
[EventCountry "POL"]
[SourceDate "2013.09.16"]

1. Nf3 f5 2. d4 Nf6 3. Bg5 e6 4. Nbd2 Be7 5. Bxf6 Bxf6 6. e4 O-O 7. Bd3 d5 8.
e5 Be7 9. c3 c5 10. Qe2 Nc6 11. O-O Bd7 12. a3 Be8 13. b4 c4 14. Bc2 g5 15. Ne1
Bg6 16. g4 Qe8 17. gxf5 exf5 18. Qf3 Rd8 19. Qg2 f4 20. Ndf3 Bxc2 21. Nxc2 Kh8
22. Qg4 Qg6 23. Rac1 h5 24. Qg2 g4 25. Nce1 Qh6 26. Nd2 f3 0-1

[Event "129th YMCA Autumn 2013-C"]
[Site "Warszawa"]
[Date "2013.12.11"]
[Round "13"]
[White "Rodak, Przemyslaw"]
[Black "Bitowt, Jacek"]
[Result "1/2-1/2"]
[WhiteElo "1661"]
[BlackElo "1750"]
[PlyCount "92"]
[EventDate "2013.09.16"]
[EventType "tourn"]
[EventRounds "1"]
[EventCountry "POL"]
[SourceDate "2013.09.16"]

1. d4 Nf6 2. c4 e6 3. Nf3 d5 4. Bg5 Be7 5. e3 O-O 6. Bd3 h6 7. Bh4 Nbd7 8. O-O
b6 9. Nc3 Bb7 10. Rc1 c5 11. cxd5 Nxd5 12. Bxe7 Qxe7 13. a3 Rfd8 14. Qe2 cxd4
15. Nxd4 Rac8 16. Nxd5 Bxd5 17. Rxc8 Rxc8 18. Ba6 Rf8 19. b4 f5 20. Rc1 e5 21.
Nc6 Qg5 22. f3 Nb8 23. Nxb8 Rxb8 24. Rc7 e4 25. f4 Qf6 26. Bc4 Bxc4 27. Qxc4+
Kh7 28. Qf7 Rf8 29. Qxf6 Rxf6 30. Rxa7 Rc6 31. Ra6 g5 32. g3 Kg7 33. fxg5 hxg5
34. a4 Kf7 35. a5 Rc1+ 36. Kg2 bxa5 37. bxa5 Rc2+ 38. Kg1 Re2 39. Ra7+ Kg8 40.
Ra8+ Kg7 41. a6 Rxe3 42. a7 Ra3 43. Kf2 f4 44. gxf4 gxf4 45. Re8 Ra2+ 46. Ke1
Rxa7 1/2-1/2

[Event "129th YMCA Autumn 2013-C"]
[Site "Warszawa"]
[Date "2013.10.25"]
[Round "13"]
[White "Szukalski, Antoni"]
[Black "Pajak, Jakub"]
[Result "1/2-1/2"]
[WhiteElo "1796"]
[BlackElo "1722"]
[Annotator "Admin"]
[PlyCount "62"]
[EventDate "2013.09.16"]
[EventType "tourn"]
[EventRounds "1"]
[EventCountry "POL"]
[SourceDate "2013.09.16"]

1. d4 Nf6 2. c4 e6 3. Nf3 c5 4. e3 d5 5. Nc3 Nc6 6. Be2 dxc4 7. Bxc4 cxd4 8.
exd4 Bb4 9. O-O O-O 10. Bg5 Na5 11. Bd3 Be7 12. Qc2 h6 13. Bf4 Nc6 14. Rad1 Nb4
15. Qb1 Nxd3 16. Qxd3 Nd5 17. Bg3 a6 18. Rfe1 b5 19. a3 Bb7 20. Nxd5 Bxd5 21.
b4 Rc8 22. Rc1 Bc4 23. Qe3 Bg5 24. Nxg5 Qxg5 25. Qxg5 hxg5 26. Bd6 Rfd8 27. Bc5
Rd5 28. Re3 f6 29. h3 Kf7 30. a4 Rc6 31. a5 Rf5 $11 1/2-1/2

[Event "129th YMCA Autumn 2013-C"]
[Site "Warszawa"]
[Date "2013.12.11"]
[Round "13"]
[White "Wyszomirski, Krzysztof"]
[Black "Jarmolowski, Tadeusz"]
[Result "1-0"]
[WhiteElo "1755"]
[BlackElo "1695"]
[PlyCount "35"]
[EventDate "2013.09.16"]
[EventType "tourn"]
[EventRounds "1"]
[EventCountry "POL"]
[SourceDate "2013.09.16"]

1. e4 c5 2. Nf3 e6 3. d4 cxd4 4. Nxd4 Nf6 5. Nc3 Nc6 6. Be3 Bb4 7. Bd3 d5 8.
Nxc6 bxc6 9. e5 Nd7 10. Qg4 Qa5 11. O-O Bxc3 12. bxc3 Kf8 13. f4 Qxc3 14. f5
Nxe5 15. Qf4 Nxd3 16. Qd6+ Ke8 17. cxd3 Bd7 18. fxe6 1-0

[Event "129th YMCA Autumn 2013-C"]
[Site "Warszawa"]
[Date "2013.09.16"]
[Round "13"]
[White "Wilczynski, Adam"]
[Black "Chylewski, Patryk"]
[Result "1/2-1/2"]
[WhiteElo "1696"]
[BlackElo "1704"]
[Annotator "Admin"]
[PlyCount "56"]
[EventDate "2013.09.16"]
[EventType "tourn"]
[EventRounds "1"]
[EventCountry "POL"]
[SourceDate "2013.09.16"]

1. Nf3 Nf6 2. c4 e6 3. g3 d5 4. Bg2 c5 5. O-O Nc6 6. cxd5 exd5 7. d4 cxd4 8.
Nxd4 Bc5 9. Nb3 Be7 10. Nc3 Be6 11. Nd4 O-O 12. e4 Nxd4 13. exd5 Nxd5 14. Qxd4
Bf6 15. Qd2 Nxc3 16. bxc3 Qxd2 17. Bxd2 Rfd8 18. Rfd1 Bg4 19. f3 Be6 20. Be1
Rxd1 21. Rxd1 Bxa2 22. f4 Rb8 23. Ra1 Bc4 24. Rxa7 Ba6 25. Bf1 Bxf1 26. Kxf1 g6
27. Ra3 Kf8 28. Rb3 Ke7 $11 1/2-1/2